Las razas humanas /
Guardado en:
| Autor Principal: | |
|---|---|
| Formato: | Libro |
| Publicado: |
Buenos Aires :
Eudeba,
1979
|
| Edición: | 4a. ed. |
| Series: | Cuadernos ; No. 111
|
| Materias: | |
| Etiquetas: |
Agregar Etiqueta
Sin Etiquetas, Sea el primero en etiquetar este registro!
|
| LEADER | 00504nam a22001935a 4500 | ||
|---|---|---|---|
| 001 | CEM.cems006414 | ||
| 005 | 20060214000000.0 | ||
| 008 | 130507s1979##################000#0#####d | ||
| 003 | CEMS | ||
| 082 | 0 | 4 | |a 572 |
| 100 | 1 | |a Vallois, Henri V | |
| 245 | 1 | 0 | |a Las razas humanas / |
| 250 | |a 4a. ed. | ||
| 260 | |a Buenos Aires : |b Eudeba, |c 1979 | ||
| 300 | |a 257 p. | ||
| 490 | 0 | |a Cuadernos ; No. 111 | |
| 653 | |a Antropologia | ||
| 653 | |a Razas humanas | ||
| 859 | |a CEMS |b BIB. CEMS - 11 de abril |h 572 |i V244a4 |p 13482.80 |t Ej.1 | ||
